00640nam a22001577a 450000500170000000800410001702000180005805000140007610000360009024500650012626000440019130000590023550400270029450501190032165000420044020231102151951.0160812s2015 mx do||fr|||| 00| 0 spa d a978607323216604aHD31bM851 aMünch Galindo, Lourdeseautor10aManejo del proceso administrativoc/ Lourdes Münch Galindo aMéxicob: Pearson Educaciónc, 2015 ax, 97 páginasb: ilustraciones, gráficasc; 26 cm. aBibliografía (p. 97) aFase mecánica o estructural del proceso administrativo. Fase dinámica u operativa del proceso administrativo. 14aADMINISTRACIÓN INDUSTRIALxNEGOCIOS